Statistics for Number 10 at 2022 FIFA World Cup

Click here to take the quiz!

General Stats

  • This quiz has been taken 19 times
    (12 since last reset)
  • The average score is 13 of 32

Answer Stats

Answer% Correct
Mbappé
100%
Messi
100%
Depay
91%
Pulisic
91%
Eden Hazard
82%
Gnabry
73%
Modric
73%
Sterling
73%
Eriksen
64%
Ramsey
64%
Bernardo Silva
55%
Mane
55%
Aboubakar
45%
Asensio
45%
Bryan Ruiz
45%
Khazri
45%
Andre Ayew
36%
Minamino
36%
Neymar Jr
36%
Tadic
36%
Aldawsari
18%
Krychowiak
18%
Vega
18%
Xhaka
18%
Arrascaeta
9%
Hoilett
9%
Hrustic
9%
Alhaydos
0%
Ansarifardi
0%
Ibarra
0%
Jae Sung Lee
0%
Zaroury
0%

Score Distribution

Percentile by Number Answered

Percent of People with Each Score

Your Score History

You have not taken this quiz since the last reset